| 000 | 00675nas a2200229 4500 | ||
|---|---|---|---|
| 001 | BR9209270 | ||
| 003 | BR-BrBNA | ||
| 005 | 20231205093239.0 | ||
| 007 | ta | ||
| 008 | 230509b bl.|||p| |||| 00| 00por d | ||
| 040 |
_aBR-BrBNA _bpor _cBiblioteca Nacional de Agricultura |
||
| 041 | _a(Pt) | ||
| 072 | _aE14; N10 | ||
| 100 | 1 | _aSalgado, A.L. de B. | |
| 245 | 1 | _aTecnologia; o emprego do bambu na estrutura de mouroes de conecreto | |
| 650 | _aBAMBU | ||
| 650 | _aMOURAO | ||
| 650 | _aADOCAO DE INOVACOES | ||
| 773 | 0 |
_tGranja (Brazil) _xISSN 0367-505X _g(Jul 1992), v. 48(526) p. 26-29 _wBR9209270 |
|
| 909 |
_a202311 _bLúcia _c55 _dLúcia Elande |
||
| 942 |
_2AGRIS _n0 _cANA |
||
| 999 |
_c137062 _d137062 |
||